000 00410nam a2200193Ia 4500
001 11760
003 GE_BSU
008 181216s||||||||xx |||||||||||||| ||und||
040 _cGE_BSU
080 _a821.111-314
100 _aHigging,Jack
245 _aConfessional
260 _aLondon
260 _bBook Club Associates
260 _c1986
300 _a256p.21cm.
653 _aConfessional
942 _cBK
999 _c44939
_d44939